Los contenidos de la propuesta educativa de ACAFADE /
El documento consiste en el cuaderno No.2, parte de la serie educación para la vida y la paz, acerca de los contenidos de una propuesta educativa de ACAFADE, trata temas de autoestima, comunicación, cooperación y proyecto de vida.
Zapisane w:
| 1. autor: | |
|---|---|
| Kolejni autorzy: | , , , |
| Format: | Nieznany |
| Język: | Spanish |
| Wydane: |
Costa Rica :
ACAFADE
|
| Seria: | Serie: Educación para la vida y la paz. Cuaderno Didáctico
n° 2 |
| Hasła przedmiotowe: | |
| Etykiety: |
Dodaj etykietę
Nie ma etykietki, Dołącz pierwszą etykiete!
|
MARC
| LEADER | 00000 a2200000 04500 | ||
|---|---|---|---|
| 001 | 46580 | ||
| 003 | cru CIDCACS/IIS | ||
| 005 | 20230707091235.0 | ||
| 008 | 991231s cr spa d | ||
| 020 | |a [sin ISBN] | ||
| 022 | |a [sin ISBN] | ||
| 040 | |a CRAI/IIS |c CRAI/IIS | ||
| 090 | |a 01.02.07 A837c | ||
| 100 | |a Alarcón Alba, Angélica | ||
| 245 | |a Los contenidos de la propuesta educativa de ACAFADE / |c Angélica Alarcón Alba, Amilcar Luna Palma, Margarita Aragón Solórzano, José Rauda Rivas, Alma Milagro Figueroa, Ninfa Alarcón Alba | ||
| 260 | |a Costa Rica : |b ACAFADE | ||
| 300 | |a 59 páginas : |b ilustraciones | ||
| 440 | |a Serie: Educación para la vida y la paz. Cuaderno Didáctico |v n° 2 | ||
| 520 | |a El documento consiste en el cuaderno No.2, parte de la serie educación para la vida y la paz, acerca de los contenidos de una propuesta educativa de ACAFADE, trata temas de autoestima, comunicación, cooperación y proyecto de vida. | ||
| 650 | 0 | |9 196 |a COMUNICACION | |
| 650 | 0 | |9 138 |a PAZ | |
| 650 | 0 | |9 944 |a EDUCACION | |
| 650 | 0 | |9 133 |a VIOLENCIA | |
| 700 | |a Luna Palma, Amilcar | ||
| 700 | |a Aragón Solórzano, Margarita | ||
| 700 | |a Rauda Rivas, José | ||
| 700 | |a Milagro Figueroa, Alma Ninfa Alarcón Alba | ||
| 942 | |2 ddc |c LI | ||
| 999 | |c 4743 |d 4743 | ||
